America Now (Record no. 6354)

MARC details
000 -LEADER
fixed length control field 01360nam a2200229 4500
020 ## - INTERNATIONAL STANDARD BOOK NUMBER
ISBN 0312646607
022 ## - INTERNATIONAL STANDARD SERIAL NUMBER
ISSN 9780312674915
050 ## - CALL NUMBER
Classification number PE1127
Item number .H5 Am3
100 ## - AUTHOR
Personal name Atwan Robert(ed.)
245 ## - TITLE
Title America Now
Remainder of title Short readings from recent periods
Statement of responsibility, etc Robert Atwan, Jeffrey Ousborne & Gregory Atwan
250 ## - EDITION
Edition statement 9th Ed.
260 ## - PUBLICATION INFORMATION
Place of publication Boston :
Name of publisher Bedford/St. Martins
Year of publication 2011
300 ## - DESCRIPTION
Number of Pages xxv. 373 pages :
Other physical details illustrations:
Dimensions 21 cm
500 ## - NOTES
General note Includes Index
505 ## - FORMATTED CONTENTS NOTE
Table of Content The persuasive Writer: Expressing opinions with clarity, confidence and civility<br/>1. What;s in a name?<br/>2. Happiness: Can it be Defined<br/>3. Is there an Ethics of Eating?<br/>4. Photography: Can we believe what we see<br/>5. What do we Fear?<br/>6. How is Today's media altering our languages?<br/>7. Gender Roles: Should women act more like men?<br/>8. Does our need for security threaten our right to privacy?<br/>9. Barack Obama: What does His election mean in America?<br/>10. Social Networking- How is it transforming behavior<br/>11. Saving the Planet: Is it too late?<br/>12. Immigration: Who is an American?<br/> Index<br/>
650 ## - SUBJECTS
Topical Term United States -- Civilization -- Problems, exercises, etc.
650 ## - SUBJECTS
Topical Term English language -- Rhetoric -- Problems, exercises, etc.
650 ## - SUBJECTS
Topical Term Report writing -- Problems, exercises, etc.
700 ## - OTHER AUTHORS
Personal name Ousborne Jeffrey
700 ## - OTHER AUTHORS
Personal name Atwan Gregory
942 ## - ADDED ENTRY ELEMENTS (KOHA)
Koha item type Books
Holdings
Withdrawn status Lost status Collection code Home library Current library Shelving location Date acquired Full call number Accession Number Koha item type
    Reference Methodist University Library Main Methodist University Library Main General Stacks 09/09/2013 PE1127 .H5 Am3 39588 Books
Copyright © 2026  MUG Library